[Event "RSA-chT U20"]
[Site "Boksburg"]
[Date "2020.01.04"]
[Round "2.1"]
[White "Khumalo, Keith"]
[Black "Nsibande, Bonisani"]
[Result "1-0"]
[WhiteElo "2150"]
[BlackElo "1766"]
[PlyCount "31"]
[EventDate "2020.01.04"]
[EventType "team-tourn"]
[EventRounds "7"]
[EventCountry "RSA"]
[SourceTitle "CBM 194 Extra"]
[Source "ChessBase"]
[SourceDate "2020.03.31"]
[SourceVersion "1"]
[SourceVersionDate "2020.03.31"]
[SourceQuality "1"]
[WhiteTeam "Tshwane Chess U20"]
[BlackTeam "Johannesburg Metro U20"]
[WhiteTeamCountry "RSA"]
[BlackTeamCountry "RSA"]

1. d4 d5 2. Nf3 Nf6 3. c4 e6 4. g3 Bd6 5. Bg2 c6 6. Nbd2 Nbd7 7. 0-0 0-0 8. Qc2 Re8 9. b3 e5 10. dxe5 Nxe5 11. Bb2 dxc4 12. Nxc4 Nxc4 13. Qxc4 Qe7 14. Rad1 Be6 15. Qh4 Nd7 16. Qd4 1-0

[Event "RSA-chT U20A"]
[Site "Boksburg"]
[Date "2018.12.16"]
[Round "1.6"]
[White "Nsibande, Bonisani"]
[Black "Prinsloo, Marthinus Philippus"]
[Result "0-1"]
[WhiteElo "1478"]
[BlackElo "1653"]
[PlyCount "76"]
[EventDate "2018.12.16"]
[EventType "team-tourn"]
[EventRounds "7"]
[EventCountry "RSA"]
[SourceTitle "EXT 2020"]
[Source "ChessBase"]
[SourceDate "2019.10.17"]
[SourceVersion "1"]
[SourceVersionDate "2019.10.17"]
[SourceQuality "1"]
[WhiteTeam "Johannesburg Metro U20"]
[BlackTeam "Tshwane U20"]
[WhiteTeamCountry "RSA"]
[BlackTeamCountry "RSA"]

1. d4 g6 2. Nf3 Bg7 3. c3 c5 4. Bf4 Nf6 5. e3 0-0 6. Bd3 Nc6 7. 0-0 Re8 8. Nbd2 d6 9. Bb5 Bd7 10. Nb3 Qb6 11. Be2 a5 12. Qc2 Bf5 13. Qc1 a4 14. Nbd2 e5 15. dxe5 dxe5 16. Bg5 e4 17. Ne1 a3 18. Rb1 Qa7 19. Bxf6 Bxf6 20. b3 Qa5 21. Nc4 Qxc3 22. Nd6 Red8 23. Nxb7 Rd2 24. Bc4 Rxa2 25. Nd6 Qxc1 26. Rxc1 Ne5 27. Nc2 Nxc4 28. bxc4 Rb2 29. Na1 a2 30. Nb5 Rb1 31. h3 Bxa1 32. Rxb1 axb1Q 33. Rxb1 Be5 34. h4 Be6 35. Rc1 Bxc4 36. Nc3 Bd3 37. g3 Ra3 38. Nd5 Ra1 0-1

[Event "RSA-chT U20A"]
[Site "Boksburg"]
[Date "2018.12.16"]
[Round "2.6"]
[White "Simelane, Sibusiso"]
[Black "Nsibande, Bonisani"]
[Result "0-1"]
[WhiteElo "1007"]
[BlackElo "1478"]
[PlyCount "114"]
[EventDate "2018.12.16"]
[EventType "team-tourn"]
[EventRounds "7"]
[EventCountry "RSA"]
[SourceTitle "EXT 2020"]
[Source "ChessBase"]
[SourceDate "2019.10.17"]
[SourceVersion "1"]
[SourceVersionDate "2019.10.17"]
[SourceQuality "1"]
[WhiteTeam "Ekurhuleni U20"]
[BlackTeam "Johannesburg Metro U20"]
[WhiteTeamCountry "RSA"]
[BlackTeamCountry "RSA"]

1. c4 e6 2. Nc3 Nf6 3. Nf3 d5 4. cxd5 exd5 5. e3 Be7 6. d4 c6 7. Bd3 0-0 8. Qc2 h6 9. 0-0 a5 10. a4 Na6 11. Bxa6 Rxa6 12. Re1 Bb4 13. Bd2 Ra8 14. Ne2 Bxd2 15. Nxd2 Re8 16. Nf4 Be6 17. Nxe6 Rxe6 18. Rad1 Qe7 19. Re2 Nd7 20. Nb3 Rg6 21. f4 Re6 22. Rde1 Qb4 23. Nc5 Nxc5 24. dxc5 Re4 25. b3 Rae8 26. g3 g5 27. Kf2 b6 28. cxb6 Qxb6 29. Qc3 gxf4 30. gxf4 Rxf4+ 31. Kg1 Rg4+ 32. Rg2 Rxg2+ 33. Kxg2 Re6 34. Kh1 Rg6 35. Rg1 c5 36. Rxg6+ fxg6 37. Qd3 Qe6 38. Kg1 Qg4+ 39. Kf2 Qf5+ 40. Qxf5 gxf5 41. Kf3 Kf7 42. Kf4 Kf6 43. Kf3 Ke5 44. Ke2 Ke4 45. h3 h5 46. h4 f4 47. exf4 Kxf4 48. Kd3 Kg4 49. Ke3 Kxh4 50. Kf4 Kh3 51. Kf3 h4 52. Kf4 Kg2 53. Ke5 d4 54. Ke4 h3 55. Kd5 d3 56. Kxc5 d2 57. Kb5 d1Q 0-1